书目信息 |
| 题名: |
葫芦信
|
|
| 作者: | ;云南省民间文学西双版纳调查队 搜集整理 | |
| 分册: | ||
| 出版信息: | 昆明 云南人民出版社 1978 |
|
| 页数: | 59页 | |
| 开本: | 19cm | |
| 丛书名: | ||
| 单 册: | ||
| 中图分类: | I295.322 | |
| 科图分类: | ||
| 主题词: | 傣族-叙事诗--云南 , 叙事诗-傣族--云南 | |
| 电子资源: | ||
| ISBN: | 10116.736 | |
| 000 | 00837nam0 2200265 450 | |
| 001 | 0178003157 | |
| 005 | 20100712215413.0 | |
| 010 | @a10116.736@dCNY0.22 | |
| 091 | @a10116.736 | |
| 100 | @a19950719d1978 em y0chiy0110 ea | |
| 101 | 0 | @achi |
| 102 | @aCN@b530000 | |
| 105 | @af z 000gy | |
| 106 | @ar | |
| 200 | 1 | @a葫芦信@9Hu Lu Xin @e傣族民间叙事长诗@f云南省民间文学西双版纳调查队搜集整理 |
| 205 | @a2版 | |
| 210 | @a昆明@c云南人民出版社@d1978 | |
| 215 | @a59页@c图@d19cm | |
| 517 | 1 | @a傣族民间叙事长诗@9dai zu min jian xu shi chang shi |
| 606 | 0 | @a傣族-叙事诗@y云南 |
| 606 | 0 | @a叙事诗-傣族@y云南 |
| 690 | @aI295.322@v3 | |
| 711 | 02 | @a云南省民间文学西双版纳调查队@9yun nan sheng min jian wen xue xi shuang ban na diao cha dui@4搜集整理 |
| 801 | 0 | @aCN@bAzMarc@c20130904 |
| 905 | @aBZT@dI295.322@e3@f2@sI295.322/3 | |
| 葫芦信:傣族民间叙事长诗/云南省民间文学西双版纳调查队搜集整理.-2版.-昆明:云南人民出版社,1978 |
| 59页:图;19cm |
| ISBN 10116.736:CNY0.22 |
| ● |
| 相关链接 |
|
|
|
正题名:葫芦信
索取号:I295.322/3
 
预约/预借
| 序号 | 登录号 | 条形码 | 馆藏地/架位号 | 状态 | 备注 |
| 1 | 2000077792 | 2000077792 | 旧书回溯/ [索取号:I295.322/3] | 在馆 | |
| 2 | 2000077793 | 2000077793 | 旧书回溯/ [索取号:I295.322/3] | 在馆 |